000 01198nam a22002657a 4500
005 20240530110556.0
008 160308s2013 ua ak g b 000 0 ara d
017 _a22165
_bمصر . دار الكتب المصرية
020 _a9789773771558
040 _aEG-CaGPL
082 0 4 _221
_a658.4012\
_bو ت
100 1 _aووتون ، سيمون
245 1 2 _aالتفكير الاستراتيجى :
_bمنهج مكون من تسع خطوات لوضع الاستراتيجية و تحديد اسس القيادة للمديرين و المسوقين /
_cتاليف سيمون ووتون ، تيرى هورن ؛ ترجمة علا احمد اصلاح
250 _aط1
260 _aالقاهرة :
_bمجموعة النيل العربية ،
_c2013 .
300 _a248 ص :
_bايض ؛
_c24 سم .
504 _aيشتمل على ارجاعات ببليوجرافية
650 0 4 _aادارة الاعمال
650 0 4 _aالقيادة الادارية
650 0 4 _aالادارة
_xتقييم
700 1 _aهورن ، تيرى
_eمؤلف مشارك
700 0 _aعلا احمد اصلاح
_eمؤلف مشارك
942 _2ddc
_cBK
999 _c62570
_d62570